| 000 | 00687nam a2200217 a 4500 | ||
|---|---|---|---|
| 005 | 20210223122044.0 | ||
| 008 | 991125s1985 mx 000 0 spa u | ||
| 020 | _a9686073043 | ||
| 035 | _aUPN01000028634 | ||
| 049 | _aCG | ||
| 050 | 4 |
_aQB41 _bC7.4 |
|
| 100 | 1 | _aCruz González, Irene | |
| 245 | 1 | 3 |
_aEl hombre de la torre inclinada : _bGalileo Galilei / _cIrene Cruz González, Abraham Nosnik, Elsa Recillas. |
| 260 |
_aMéxico; : _bGatopardo : _bCNCT, _c1985. |
||
| 300 |
_a111 p.: _bil. |
||
| 600 | 0 | 4 |
_aGALILEO, _d1564-1642 |
| 650 | 4 |
_aASTRONOMIA - _xTRABAJOS ANTERIORES A 1800 _98516 |
|
| 700 | 1 |
_aNosnik, Abraham, _ecoaut. |
|
| 700 | 1 |
_aRecillas, Elsa, _ecoaut. |
|
| 905 | _aLibro | ||
| 999 |
_c28634 _d28634 |
||